Responses for show #8300 - Friday, December 11, 2020

Contestants

[<< previous game]

Kate Freeman, a financial analyst originally from Lake Orion, Michigan

Nizar Abdalla, a finance manager from San Mateo, California

Kendra Blanchette, a registered dietitian from Elk Grove, California (whose 2-day cash winnings total $40,601)

[next game >>]

Jeopardy! Round responses

QUOTABLE WOMEN
FICTIONAL PLACES
THE NOT-SO-WILD WEST
WISHFUL THINKING
IN THE SPORT'S HALL OF FAME
BRITISH ENGLISH
    $200 16
Mother Teresa

Nizar
    $200 12
Robinson Crusoe

Kate
    $200 17
a photography studio

Kate
    $200 29
Pinocchio

Kendra
    $200 6
tennis

Nizar
    $200 1
a coach

Nizar
    $400 20
Julia Child

Nizar
    $400 15
(Nizar: What is Lilliputia?)

Lilliput

KendraNizar
    $400 30
an opera

Kate
    $400 28
dreams

Kendra
    $400 7
football

Nizar
    $400 2
pants

Kendra
    $600 22
Joan Rivers

Kendra
    $600 11
Hogsmeade

Nizar
    $600 18
Helena

Nizar
    $600 19
(Alex: In Rome, yes.)

the Trevi Fountain

Kendra
    $600 8
(Nizar: What is baseball?)
(Kate: What is basketball?)

NASCAR

NizarKate
Triple Stumper
    $600 3
a pacifier

Kate
    $1,000 23
(Kendra: Who is Ruth Bader Ginsburg?)

Sandra Day O'Connor

Kendra
    $800 13
Mordor

Kate
    $800 21
quilting

Kendra
    $800 27
(Nizar: Who is, uh, Delilah?)

Salome

KendraNizar
    $800 9
baseball

Kendra
    $800 4
pharmacist

Kendra
    $1000 24
(Alex: And she eventually did make the swim from Cuba to Florida.)

Diana Nyad

Triple Stumper
    $1000 14
Prince Edward Island

Kate
    $1000 25
Fort Worth

Triple Stumper
    $1000 26
Dolly Parton

Triple Stumper
    $1000 10
hockey

Kate
    $1000 5
crisps

Nizar

Scores at the first commercial break (after clue 15):

Kendra Nizar Kate
$2,400 $1,400 $3,000

Scores at the end of the Jeopardy! Round:

Kendra Nizar Kate
$4,800 $1,800 $3,600

Double Jeopardy! Round responses

THE MOVIE'S TITLE QUESTION
COLORFUL VERBS
PLANTS & FLOWERS
"A" "P" HISTORY
(Alex: Each correct response will begin with an "A" or a "P".)
SOUTH PARK
YOU KNOW, I LEARNED SOMETHING TODAY
    $400 11
Dude, Where's My Car?

Kendra
    $400 6
black out

Kendra
    $400 30
a daisy

Kendra
    $400 1
the Armada

Kendra
    $400 18
Martin Luther King Jr.

Kate
    $400 23
Odysseus

Kendra
    $800 12
Are We There Yet?

Triple Stumper
    $800 7
maroon

Kate
    $800 29
a saguaro

Kendra
    $800 2
the Aztec

Nizar
    $800 17
Nashville

Kate
    $800 22
John Marshall

Triple Stumper
    $1200 13
(Kate: Who framed [*]?)

Roger Rabbit

Kate
    $1200 8
brown

Kate
    $1200 26
poinsettia

Nizar
    $1200 3
Appomattox (Court House)

Nizar
    $1200 14
New Orleans

Kate
    $1200 19
(Nizar: What is Teaching for America?)

Teach for America

NizarKate
    $1600 24
Where'd You Go, Bernadette

Triple Stumper
    $1600 9
greenlight

Kendra
    $1600 27
(Kate: What is a violin fern?)

a fiddlehead fern

Kate
Triple Stumper
    $2,000 4
(Nizar: What is... San Juan?)
...
(Alex: The city is Ponce.)

Ponce de León

Nizar
    $1600 15
South Carolina

Kate
    $1600 20
Jimmy Choo

Kate
    $2000 25
(Kendra: What is How Green Is My Valley?)
(Kate: What is How Green Is the Valley?)

How Green Was My Valley

KendraNizarKate
    $2000 10
pinking

Kendra
    $2,000 28
(Nizar: What are... hyduradondas?)

hydrangeas

Nizar
    $2000 5
(Nizar: Who is d'Estaing?)

(Georges) Pompidou

Nizar
Triple Stumper
    $2000 16
Vulcan

Kate
    $2000 21
Tajikistan

Nizar

Scores at the end of the Double Jeopardy! Round:

Kendra Nizar Kate
$9,200 $1,800 $12,000

[wagering suggestions for these scores]

Final Jeopardy! Round responses

BROADWAY REVIVALS
NizarWhat is Wicked?
$1,785
KendraWhat is Sweet Charity?
$5,500
KateWhat is Wicked
$6,401
West Side Story

Final scores:

Kendra Nizar Kate
$3,700 $15 $5,599
2nd place: $2,000 3rd place: $1,000 New champion: $5,599

Game dynamics:

Coryat scores:

Kendra Nizar Kate
$10,200 $5,800 $12,000
18 R,
2 W
(including 1 DD)
13 R,
7 W
(including 2 DDs)
17 R,
3 W

Combined Coryat: $28,000

The J! Archive is created by fans, for fans. The Jeopardy! game show and all elements thereof, including but not limited to copyright and trademark thereto, are the property of Jeopardy Productions, Inc. and are protected under law. This website is not affiliated with, sponsored by, or operated by Jeopardy Productions, Inc. Join the discussion at JBoard.tv.